000 00705nam a2200289Ia 4500
005 20260324133214.0
008 008 260324s9999 xx 000 0 eng d
020 _a9781410607720
037 _aEBOOK
040 _aCRL
040 _beng
040 _cCRL
041 _2eng
041 _aeng
084 _qCRL
100 _aCecilia A. Essau
_91184286
245 0 _aConduct and Oppositional Defiant Disorders
245 0 _bEpidemiology, Risk Factors, and Treatment
260 _bTaylor and Francis
260 _c2003
365 _a
365 _b195
856 _uhttp://www.taylorfrancis.com/books/9781410607720
942 _cEBOOK
999 _c1791044
_d1791044